000 00460nam a2200181Ia 4500
001 4194
005 20260306145738.0
008 260306t1992||||xx |||||||||||||| ||spa||
041 _aESP
082 _a320
_bT37
100 _aTenzer, Nicolas
_eAUT
245 0 _aLa sociedad despolitizada:
_bensayo sobre los fundamentos de la política
260 _c1992
300 _a356 páginas :
_c23 cm.
650 _aGEN
654 _aCDE
942 _cLIB
_dJUS
_fJUS
_2ddc
_n
999 _c4194
_d4194